| 000 | 00911nam a2200229Ia 4500 | ||
|---|---|---|---|
| 001 | 11423 | ||
| 003 | GE_BSU | ||
| 008 | 181216s||||||||xx |||||||||||||| ||und|| | ||
| 040 | _cGE_BSU | ||
| 080 | _a631.8 | ||
| 100 | _aდანელია,გოჩა;ნანა ჩიტიშვილი. | ||
| 245 | _aაგროქიმიური ანალიზის რენტგენორადიომეტრული მეთოდი. | ||
| 245 | _cრედ:ო.ცინცაძე. | ||
| 260 | _aთბილისი. | ||
| 260 | _bსაბჭოთა საქართველო. | ||
| 260 | _c1982. | ||
| 300 | _a97გვ;20სმ. | ||
| 300 | _eილ;ცხრ. | ||
| 653 | _aაგროქიმია | ||
| 653 | _aაგროქიმიური ანალიზის რენტგენორადიომეტრული მეთოდი. | ||
| 942 | _cBK | ||
| 999 |
_c44620 _d44620 |
||